[Event "Koge Bugt EMT Gruppe 1 2003"]
[Site "Solrod"]
[Date "2003.08.13"]
[Round "1"]
[White "Eckert, Svend"]
[Black "Jorgensen, Dennis"]
[Result "0-1"]
[WhiteElo "1613"]
[BlackElo "1600"]
[PlyCount "64"]
[EventDate "2003.??.??"]
[SourceDate "2014.05.18"]

1. c4 Nf6 2. d4 e6 3. Nc3 Bb4 4. Bd2 c5 5. a3 Bxc3 6. Bxc3 Ne4 7. Rc1 Nxc3 8.
Rxc3 b6 9. d5 d6 10. g3 e5 11. e4 O-O 12. Bg2 f5 13. Qc2 Qf6 14. Rf3 g5 15. Bh3
f4 16. Bxc8 Rxc8 17. g4 h5 18. gxh5 g4 19. Rc3 Qh4 20. h3 Qxh5 21. Qd1 f3 22.
Nxf3 gxf3 23. Rxf3 Kh7 24. Rg1 Nd7 25. Rg4 Rg8 26. Rf5 Qh6 27. Rf7+ Kh8 28.
Rxd7 Qxh3 29. f3 Rxg4 30. fxg4 Rf8 31. Qe2 Qg3+ 32. Kd1 Qg1+ 0-1

[Event "Koge Bugt EMT Gruppe 1 2003"]
[Site "Solrod"]
[Date "2003.08.13"]
[Round "1"]
[White "Krogh, Peter Ove"]
[Black "Askgaard, Jens"]
[Result "1/2-1/2"]
[WhiteElo "2012"]
[BlackElo "2099"]
[PlyCount "60"]
[EventDate "2003.??.??"]
[SourceDate "2014.05.18"]

1. c4 b6 2. Nc3 Bb7 3. e4 e5 4. d3 Bc5 5. Nf3 Nc6 6. a3 a5 7. Be2 d6 8. O-O
Nge7 9. Rb1 O-O 10. Nd5 Nd4 11. b4 axb4 12. Nxe7+ Qxe7 13. axb4 Ra2 14. Nxd4
Bxd4 15. Bg4 g6 16. Be3 Bxe3 17. fxe3 Qg5 18. Re1 f5 19. Qb3 Rfa8 20. c5+ d5
21. Bf3 R8a3 22. Qd1 dxe4 23. dxe4 fxe4 24. Be2 b5 25. Bg4 Bc8 26. Qd5+ Kg7 27.
h3 Bxg4 28. hxg4 Rxg2+ 29. Kxg2 Qxg4+ 30. Kh2 Qh4+ 1/2-1/2

[Event "Koge Bugt EMT Gruppe 1 2003"]
[Site "Solrod"]
[Date "2003.08.13"]
[Round "1"]
[White "Rasmussen, Christian Ejner"]
[Black "Petersen, Johan"]
[Result "0-1"]
[WhiteElo "1661"]
[BlackElo "1759"]
[PlyCount "70"]
[EventDate "2003.??.??"]
[SourceDate "2014.05.18"]

1. d4 Nf6 2. Nc3 c5 3. dxc5 e6 4. Nf3 Bxc5 5. e3 a6 6. Bd3 Nc6 7. a3 Qc7 8. O-O
b5 9. b4 Ba7 10. Bb2 Bb8 11. Ne2 d5 12. Bxf6 gxf6 13. e4 d4 14. Rc1 e5 15. c3
dxc3 16. Rxc3 Qb6 17. Qd2 Bg4 18. Rfc1 Ne7 19. Nh4 Ba7 20. Ng3 Rd8 21. Qc2 O-O
22. Nhf5 Nxf5 23. exf5 h5 24. h3 h4 25. Ne4 Rxd3 26. Rxd3 Bxf5 27. Rf3 Rc8 28.
Rc3 Rxc3 29. Nxf6+ Qxf6 30. Qxc3 Qg5 31. Re1 Bd4 32. Qb3 Qg6 33. Rc1 Be4 34. g3
hxg3 35. Kf1 Bd3+ 0-1

[Event "Koge Bugt EMT Gruppe 1 2003"]
[Site "Solrod"]
[Date "2003.08.20"]
[Round "2"]
[White "Petersen, Johan"]
[Black "Askgaard, Jens"]
[Result "1/2-1/2"]
[WhiteElo "1759"]
[BlackElo "2099"]
[PlyCount "68"]
[EventDate "2003.??.??"]
[SourceDate "2014.05.18"]

1. d4 e6 2. Nf3 c5 3. c3 d5 4. Bg5 Qb6 5. Qc2 Nc6 6. e3 Bd6 7. Nbd2 h6 8. Bh4
Nge7 9. dxc5 Bxc5 10. Nb3 Bd6 11. Rd1 Nf5 12. e4 Nxh4 13. Nxh4 Be7 14. Nf3 dxe4
15. Qxe4 Bd7 16. Bc4 O-O-O 17. Qc2 Bf6 18. Nbd2 Ne5 19. Nxe5 Bxe5 20. Nf3 Bf6
21. O-O Bc6 22. Be2 Qa5 23. Qb1 Rxd1 24. Rxd1 Rd8 25. Rxd8+ Kxd8 26. Qd1+ Ke7
27. a3 Qc5 28. Kf1 a5 29. Qd3 Qd6 30. Qxd6+ Kxd6 31. Ke1 g5 32. g3 b6 33. Nd2
Bg7 34. Bd3 Kc7 1/2-1/2

[Event "Koge Bugt EMT Gruppe 1 2003"]
[Site "Solrod"]
[Date "2003.08.20"]
[Round "2"]
[White "Jorgensen, Dennis"]
[Black "Christensen, Verner"]
[Result "1-0"]
[WhiteElo "1600"]
[BlackElo "1803"]
[PlyCount "61"]
[EventDate "2003.??.??"]
[SourceDate "2014.05.18"]

1. e4 e5 2. Nf3 Nc6 3. Bb5 f5 4. d3 d6 5. O-O Nf6 6. Nc3 Be7 7. Nd5 O-O 8. Bc4
Kh8 9. Ng5 Nxd5 10. Nxh7 Qe8 11. Nxf8 Nb6 12. Ne6 Nxc4 13. Nxc7 Qd8 14. Nxa8
N4a5 15. c3 b6 16. f4 Be6 17. b4 Nb7 18. exf5 Bxf5 19. Qf3 Bd7 20. fxe5 dxe5
21. Qd5 Bd6 22. Qf7 Be7 23. Qh5+ Kg8 24. b5 Nca5 25. Qg6 Bf6 26. Nc7 Qxc7 27.
Rxf6 Qxc3 28. Rb1 Bxb5 29. Bh6 Qd4+ 30. Kh1 Qd7 31. Rbf1 1-0

[Event "Koge Bugt EMT Gruppe 1 2003"]
[Site "Solrod"]
[Date "2003.08.20"]
[Round "2"]
[White "Rasmussen, Christian Ejner"]
[Black "Eckert, Svend"]
[Result "1-0"]
[WhiteElo "1661"]
[BlackElo "1613"]
[PlyCount "39"]
[EventDate "2003.??.??"]
[SourceDate "2014.05.18"]

1. d4 Nf6 2. Nc3 g6 3. e4 d6 4. Nf3 Bg7 5. Bc4 O-O 6. Bg5 Nbd7 7. Qd2 Nb6 8.
Bb3 c6 9. Bh6 e6 10. Bxg7 Kxg7 11. O-O-O d5 12. exd5 cxd5 13. Ne5 Qc7 14. h4 h5
15. g4 Nc4 16. Bxc4 dxc4 17. gxh5 Nxh5 18. Rdg1 Bd7 19. Qg5 Rh8 20. Qe7 1-0

[Event "Koge Bugt EMT Gruppe 1 2003"]
[Site "Solrod"]
[Date "2003.08.27"]
[Round "3"]
[White "Christensen, Verner"]
[Black "Rasmussen, Christian Ejner"]
[Result "1-0"]
[WhiteElo "1803"]
[BlackElo "1661"]
[PlyCount "65"]
[EventDate "2003.??.??"]
[SourceDate "2014.05.18"]

1. e4 c6 2. Nf3 d5 3. Nc3 dxe4 4. Nxe4 Nf6 5. Nxf6+ gxf6 6. Bc4 Bf5 7. d3 Qc7
8. Qe2 Nd7 9. Be3 e5 10. O-O-O Bd6 11. Nh4 Be6 12. Bxe6 fxe6 13. Qh5+ Ke7 14.
g4 Rae8 15. g5 Kd8 16. Rhe1 f5 17. Nf3 Kc8 18. Kb1 Kb8 19. Qh4 f4 20. Bd2 Nf8
21. Bc3 Ng6 22. Qg4 h6 23. gxh6 Rxh6 24. Qg5 Reh8 25. d4 Be7 26. Qg4 exd4 27.
Bxd4 R8h7 28. Qxe6 Qc8 29. Bxa7+ Kc7 30. Bb6+ Kb8 31. Qxc8+ Kxc8 32. Rxe7 Rxe7
33. Rd8# 1-0

[Event "Koge Bugt EMT Gruppe 1 2003"]
[Site "Solrod"]
[Date "2003.08.27"]
[Round "3"]
[White "Krogh, Peter Ove"]
[Black "Jorgensen, Dennis"]
[Result "1-0"]
[WhiteElo "2012"]
[BlackElo "1600"]
[PlyCount "105"]
[EventDate "2003.??.??"]
[SourceDate "2014.05.18"]

1. c4 e5 2. Nc3 Nc6 3. Nf3 Nf6 4. g3 Bb4 5. Bg2 O-O 6. O-O d6 7. Nd5 Nxd5 8.
cxd5 Ne7 9. a3 Ba5 10. d4 e4 11. Ng5 f5 12. f3 h6 13. Ne6 Bxe6 14. dxe6 d5 15.
g4 Bb6 16. gxf5 Nxf5 17. fxe4 Bxd4+ 18. e3 Bxe3+ 19. Bxe3 Nxe3 20. Rxf8+ Qxf8
21. Qd2 Qc5 22. Rc1 Nc4+ 23. Qf2 d4 24. b3 Qxa3 25. Rxc4 d3 26. Qf7+ Kh7 27.
Rxc7 Qa1+ 28. Qf1 Qd4+ 29. Kh1 d2 30. Rd7 d1=Q 31. Qxd1 Qxd1+ 32. Rxd1 Kg6 33.
Rd7 a5 34. e7 Re8 35. Rxb7 Kf7 36. Bf1 Rxe7 37. Rxe7+ Kxe7 38. Bc4 Kd6 39. Kg2
Ke5 40. Bd5 Kf4 41. h3 g5 42. Ba8 h5 43. Bb7 g4 44. hxg4 Kxg4 45. Bd5 h4 46. e5
Kg5 47. e6 Kf6 48. Kh3 Ke7 49. Kxh4 Kd6 50. Kg5 Kxd5 51. e7 Kc5 52. e8=Q Kb4
53. Qa4+ 1-0

[Event "Koge Bugt EMT Gruppe 1 2003"]
[Site "Solrod"]
[Date "2003.08.27"]
[Round "3"]
[White "Eckert, Svend"]
[Black "Petersen, Johan"]
[Result "0-1"]
[WhiteElo "1613"]
[BlackElo "1759"]
[PlyCount "98"]
[EventDate "2003.??.??"]
[SourceDate "2014.05.18"]

1. e4 d5 2. exd5 Qxd5 3. Nc3 Qa5 4. b4 Qxb4 5. a4 c6 6. Nf3 Nf6 7. Ba3 Qa5 8.
Bc4 Bg4 9. O-O Nbd7 10. Be2 e6 11. Bxf8 Nxf8 12. h3 h5 13. Re1 Rd8 14. Rb1 Qc7
15. Nh2 Bf5 16. Rb2 g5 17. d3 g4 18. hxg4 hxg4 19. g3 Qa5 20. Nb5 cxb5 21. Rxb5
Qc7 22. Rxf5 exf5 23. Bxg4+ Ne6 24. Bxf5 Rd6 25. Qa1 Rh6 26. Qa2 Qb6 27. a5 Qc6
28. c4 Kf8 29. Qd2 Ng8 30. Be4 Qc8 31. Ng4 Rh5 32. Qb4 Nc5 33. Ne3 Nxe4 34.
dxe4 Rc5 35. Nf5 Rf6 36. Rd1 Ne7 37. g4 Nxf5 38. exf5 Qc7 39. Rd5 Rfc6 40. g5
Kg7 41. Qc3+ Kg8 42. Qd3 Rxd5 43. cxd5 Rc1+ 44. Kg2 Qf4 45. g6 Qg4+ 46. Kh2
Qg1+ 47. Kh3 Qf1+ 48. Qxf1 Rxf1 49. Kg3 Rd1 0-1

[Event "Koge Bugt EMT Gruppe 1 2003"]
[Site "Solrod"]
[Date "2003.09.03"]
[Round "4"]
[White "Christensen, Verner"]
[Black "Petersen, Johan"]
[Result "1/2-1/2"]
[WhiteElo "1803"]
[BlackElo "1759"]
[PlyCount "38"]
[EventDate "2003.??.??"]
[SourceDate "2014.05.18"]

1. e4 d5 2. exd5 Qxd5 3. Nc3 Qa5 4. d4 Bf5 5. Nf3 c6 6. Ne5 Nf6 7. Bc4 e6 8.
O-O Nbd7 9. Bd2 Qc7 10. Qe2 Nb6 11. Bb3 O-O-O 12. Be3 Bd6 13. f4 h5 14. Kh1
Rdg8 15. a4 Nbd5 16. a5 h4 17. a6 b6 18. Na4 Bxe5 19. dxe5 Nd7 1/2-1/2

[Event "Koge Bugt EMT Gruppe 1 2003"]
[Site "Solrod"]
[Date "2003.09.03"]
[Round "4"]
[White "Krogh, Peter Ove"]
[Black "Eckert, Svend"]
[Result "1-0"]
[WhiteElo "2012"]
[BlackElo "1613"]
[PlyCount "69"]
[EventDate "2003.??.??"]
[SourceDate "2014.05.18"]

1. c4 e5 2. Nc3 Nf6 3. Nf3 d6 4. d4 exd4 5. Nxd4 Be7 6. e4 O-O 7. Bd3 c6 8. O-O
Nbd7 9. h3 Ne5 10. Be2 d5 11. cxd5 cxd5 12. f4 Nc6 13. e5 Ne4 14. Kh2 f5 15.
Be3 Nxd4 16. Qxd4 Be6 17. Rad1 Bc5 18. Qd3 Bxe3 19. Qxe3 Qa5 20. Nb5 Rfd8 21.
Nd4 Qb6 22. Rf3 Kf7 23. Qb3 Qxb3 24. Rxb3 Rd7 25. Rc1 a6 26. Rb6 Re8 27. g4 g6
28. gxf5 Bxf5 29. Nxf5 gxf5 30. Bh5+ Kf8 31. Bxe8 Kxe8 32. Rc8+ Ke7 33. Rh8 Nc5
34. Rxh7+ Kd8 35. Rxd7+ 1-0

[Event "Koge Bugt EMT Gruppe 1 2003"]
[Site "Solrod"]
[Date "2003.09.03"]
[Round "4"]
[White "Askgaard, Jens"]
[Black "Rasmussen, Christian Ejner"]
[Result "1-0"]
[WhiteElo "2099"]
[BlackElo "1661"]
[PlyCount "65"]
[EventDate "2003.??.??"]
[SourceDate "2014.05.18"]

1. d4 Nf6 2. c4 g6 3. Nc3 d5 4. e3 Bg7 5. Qb3 dxc4 6. Bxc4 O-O 7. Nf3 Nc6 8.
Be2 b6 9. O-O Bb7 10. Rd1 e6 11. e4 Rc8 12. h3 Ne7 13. Qc2 Qe8 14. Be3 Nd7 15.
Rac1 a6 16. Qb3 Nf6 17. Bd3 Qd8 18. Bb1 Nc6 19. Qc2 Nb4 20. Qd2 Nc6 21. Bh6 Ne7
22. e5 Nfd5 23. Nh2 Nf5 24. Bxg7 Nxg7 25. Ng4 Qh4 26. Nxd5 Bxd5 27. Nf6+ Kh8
28. Rc3 Nf5 29. Bxf5 gxf5 30. Rg3 h6 31. Qd3 a5 32. Rg4 fxg4 33. Qh7# 1-0

[Event "Koge Bugt EMT Gruppe 1 2003"]
[Site "Solrod"]
[Date "2003.09.10"]
[Round "5"]
[White "Jorgensen, Dennis"]
[Black "Askgaard, Jens"]
[Result "0-1"]
[WhiteElo "1600"]
[BlackElo "2099"]
[PlyCount "76"]
[EventDate "2003.??.??"]
[SourceDate "2014.05.18"]

1. e4 e6 2. d4 d5 3. Nd2 c5 4. Ngf3 cxd4 5. exd5 Qxd5 6. Bc4 Qd8 7. O-O a6 8.
a4 Qc7 9. Bd3 Bd6 10. Ne4 Nc6 11. Re1 Bd7 12. Qe2 Be7 13. b3 Nf6 14. Bb2 Nxe4
15. Qxe4 Bf6 16. Nxd4 Qb6 17. c3 Nxd4 18. cxd4 Qxb3 19. Rab1 Bc6 20. Qe2 Qd5
21. Be4 Qxe4 22. Qxe4 Bxe4 23. Rxe4 O-O-O 24. Kf1 Rd5 25. Rc1+ Kd7 26. Ke2 Ra5
27. Rc4 Rc8 28. Rb4 Rc7 29. Kd3 Be7 30. Rb3 Rxa4 31. d5 Rxe4 32. Kxe4 exd5+ 33.
Kxd5 g6 34. Be5 Rc5+ 35. Kd4 b5 36. Rh3 h5 37. Rd3 Ke6 38. Re3 Rd5+ 0-1

[Event "Koge Bugt EMT Gruppe 1 2003"]
[Site "Solrod"]
[Date "2003.09.10"]
[Round "5"]
[White "Rasmussen, Christian Ejner"]
[Black "Krogh, Peter Ove"]
[Result "0-1"]
[WhiteElo "1661"]
[BlackElo "2012"]
[PlyCount "83"]
[EventDate "2003.??.??"]
[SourceDate "2014.05.18"]

1. d4 Nf6 2. Nc3 d5 3. e4 dxe4 4. f3 exf3 5. Nxf3 Bg4 6. h3 Bh5 7. g4 Bg6 8.
Ne5 e6 9. Bg5 Be7 10. Bg2 c6 11. Qd2 Nbd7 12. Nxg6 hxg6 13. O-O-O Qa5 14. Rhf1
Bb4 15. Bxf6 Bxc3 16. Qxc3 Qxc3 17. bxc3 Nxf6 18. c4 Rd8 19. c3 O-O 20. Rf2 Rc8
21. Rdf1 Rc7 22. Kb2 Rd8 23. g5 Ne8 24. Be4 Nd6 25. Bd3 Nf5 26. Bxf5 gxf5 27.
h4 g6 28. h5 gxh5 29. Rh1 Kg7 30. Rxh5 Rh8 31. Rxh8 Kxh8 32. Rh2+ Kg7 33. Rh6
Rd7 34. Kc2 Rd8 35. Kd3 Rh8 36. Rxh8 Kxh8 37. Ke3 Kg7 38. Kf4 Kg6 39. a4 b6 40.
c5 bxc5 41. dxc5 f6 42. gxf6 0-1

[Event "Koge Bugt EMT Gruppe 1 2003"]
[Site "Solrod"]
[Date "2003.09.10"]
[Round "5"]
[White "Eckert, Svend"]
[Black "Christensen, Verner"]
[Result "1-0"]
[WhiteElo "1613"]
[BlackElo "1803"]
[PlyCount "77"]
[EventDate "2003.??.??"]
[SourceDate "2014.05.18"]

1. c4 e5 2. e3 Nf6 3. d4 exd4 4. exd4 c5 5. d5 d6 6. Nc3 g6 7. Bg5 Bg7 8. Nf3
O-O 9. Be2 Re8 10. O-O a6 11. Qd2 Nbd7 12. Nh4 Qc7 13. Rae1 Ne5 14. h3 Ned7 15.
Bd3 b6 16. Rxe8+ Nxe8 17. Re1 Be5 18. f4 Bd4+ 19. Kh1 Ndf6 20. f5 Be5 21. fxg6
fxg6 22. Rf1 b5 23. Ne4 Nxe4 24. Bxe4 Ng7 25. Nxg6 hxg6 26. Bxg6 Ra7 27. Rf7
Qxf7 28. Bxf7+ Rxf7 29. g4 Rf1+ 30. Kg2 Rb1 31. Qa5 Rxb2+ 32. Kf3 Ne6 33. dxe6
Bb7+ 34. Ke3 Bd4+ 35. Kd3 bxc4+ 36. Kxc4 Bg7 37. Qd8+ Kh7 38. Bf6 Rb4+ 39. Kc3
1-0

[Event "Koge Bugt EMT Gruppe 1 2003"]
[Site "Solrod"]
[Date "2003.09.17"]
[Round "6"]
[White "Petersen, Johan"]
[Black "Jorgensen, Dennis"]
[Result "1-0"]
[WhiteElo "1759"]
[BlackElo "1600"]
[PlyCount "91"]
[EventDate "2003.??.??"]
[SourceDate "2014.05.18"]

1. b4 e6 2. Bb2 Nf6 3. b5 b6 4. e3 Bb7 5. Nf3 c5 6. d3 Be7 7. Be2 O-O 8. O-O d5
9. Nbd2 Nbd7 10. c4 Qc7 11. a4 a6 12. Qc2 Rfd8 13. Ne1 Ne5 14. Ndf3 Ng6 15. g3
dxc4 16. dxc4 Be4 17. Qb3 a5 18. Ng5 Bb7 19. f3 Nh5 20. f4 Nxg3 21. hxg3 Bxg5
22. e4 Be7 23. Qe3 Bd6 24. e5 Bf8 25. Bg4 Re8 26. Ra2 Rad8 27. Bc3 Ne7 28. Rh2
Nf5 29. Bxf5 exf5 30. Qe2 g6 31. Nf3 Qd7 32. Rxh7 Bxf3 33. Qh2 Bg7 34. Rxg7+
Kxg7 35. e6+ f6 36. exd7 Rxd7 37. Rxf3 Rd1+ 38. Rf1 Rd3 39. Rc1 Ree3 40. Be1
Ra3 41. Rd1 Re7 42. Bf2 Rxa4 43. Rd8 Kf7 44. Qh7+ Ke6 45. Qg8+ Rf7 46. Re8+ 1-0

[Event "Koge Bugt EMT Gruppe 1 2003"]
[Site "Solrod"]
[Date "2003.09.17"]
[Round "6"]
[White "Eckert, Svend"]
[Black "Askgaard, Jens"]
[Result "0-1"]
[WhiteElo "1613"]
[BlackElo "2099"]
[PlyCount "66"]
[EventDate "2003.??.??"]
[SourceDate "2014.05.18"]

1. c4 b6 2. d4 e6 3. Nf3 Bb7 4. a3 Nf6 5. Nc3 g6 6. Bg5 Bg7 7. e4 h6 8. Bxf6
Qxf6 9. e5 Qe7 10. Bd3 d6 11. O-O O-O 12. Re1 Nd7 13. Be4 Bxe4 14. Nxe4 dxe5
15. d5 Rfd8 16. b4 f5 17. d6 cxd6 18. Qxd6 Qxd6 19. Nxd6 Nf8 20. Rad1 e4 21.
Nxe4 fxe4 22. Nd2 Bc3 23. Re2 Rd3 24. Kf1 Rad8 25. Ke1 Kf7 26. c5 bxc5 27. bxc5
Ke7 28. a4 R8d5 29. g4 Kd8 30. h4 Nd7 31. c6 Ne5 32. Rxe4 Rxd2 33. Rxd2 Rxd2
0-1

[Event "Koge Bugt EMT Gruppe 1 2003"]
[Site "Solrod"]
[Date "2003.09.17"]
[Round "6"]
[White "Christensen, Verner"]
[Black "Krogh, Peter Ove"]
[Result "0-1"]
[WhiteElo "1803"]
[BlackElo "2012"]
[PlyCount "80"]
[EventDate "2003.??.??"]
[SourceDate "2014.05.18"]

1. e4 c5 2. Nf3 e6 3. d4 cxd4 4. Nxd4 a6 5. Nc3 Qc7 6. Be3 Nc6 7. Qd2 b5 8. Be2
Nf6 9. O-O Bb7 10. f3 Rc8 11. Kh1 Nxd4 12. Bxd4 e5 13. Bg1 b4 14. Na4 Qxc2 15.
Qxc2 Rxc2 16. Rfc1 Rc6 17. Nc5 Bc8 18. Nxa6 Bxa6 19. Rxc6 Bxe2 20. Rc8+ Ke7 21.
Bc5+ d6 22. Bxb4 Kd7 23. Rac1 Ne8 24. a4 Be7 25. Ra8 f5 26. Rc2 Bd3 27. Rc3
fxe4 28. fxe4 Rf8 29. Ra7+ Ke6 30. h3 Rf1+ 31. Kh2 Bxe4 32. Re3 Nf6 33. Bc3 Rf2
34. Rg3 g6 35. a5 Nh5 36. Rg4 Nf4 37. Kg1 Rc2 38. Kf1 h5 39. Rg3 Bh4 40. Re3
Bxg2+ 0-1

[Event "Koge Bugt EMT Gruppe 1 2003"]
[Site "Solrod"]
[Date "2003.09.25"]
[Round "7"]
[White "Askgaard, Jens"]
[Black "Christensen, Verner"]
[Result "1-0"]
[WhiteElo "2099"]
[BlackElo "1803"]
[PlyCount "55"]
[EventDate "2003.??.??"]
[SourceDate "2014.05.18"]

1. d4 Nf6 2. c4 c5 3. d5 d6 4. Nc3 g6 5. e4 Bg7 6. Be2 Na6 7. Bg5 Bd7 8. f4 Qa5
9. Qd2 O-O-O 10. Nf3 h6 11. Bh4 Rde8 12. O-O-O Nb4 13. a3 Na6 14. h3 Ba4 15.
Nxa4 Qxa4 16. Bd3 Qd7 17. e5 Nh7 18. Rhe1 Nf8 19. Qc2 Qc7 20. Kb1 Rg8 21. Re2
Bh8 22. Rde1 g5 23. fxg5 Ng6 24. exd6 Qxd6 25. Bxg6 Qxg6 26. Qxg6 Rxg6 27. gxh6
Rb6 28. Bxe7 1-0